000
00337 a2200169 4500
001
182687
020
_a
040
_c
Magnum
100
_a
Barreto, Lima
240
1
0
_a
Clara dos Anjos
_l
por
245
1
0
_a
Clara dos Anjos
300
_a
128
362
0
_a
1983
440
1
_a
Brasiliense
697
_a
LITERATURA GERAL
942
_c
BK
999
_c
182687
_d
182687